000 00457cam a2200205ua 4500
001 8663
005 20260515114349.0
008 150210n xxk |||gr||||Z||||||eng
020 _a9780143028482
040 _cMAIN
041 _aeng
082 _a823N
100 _aMartel, Y.,
_eAuthor.
245 1 _aLife of pi
_cBy Yann Martel
250 _a1st.
260 _aLondon:
_bPenguin,
_c2002.
300 _a318p.
653 _aEnglish fiction
942 _cBK
999 _c7755
_d7755